Statistics for Global Language Vocabulary- T

Click here to take the quiz!

General Stats

  • This quiz has been taken 615 times
  • The average score is 5 of 12

Answer Stats

LanguageAnswer% Correct
EnglishThank you
99%
SpanishGracias
92%
GermanDanke
90%
Japaneseありがとう, arigatō
57%
PortugueseObrigado
45%
RussianСпасибо, spasibo
38%
Chinese (Simplified)谢谢, xièxiè
25%
Arabicشكرًا لك, shkran lak
22%
IndonesianTerima kasih
6%
Hindiधन्यवाद, dhanyavaad
4%
Amharicአመሰግናለሁ, āmeseginalehu
2%
MāoriMauruuru koe
1%

Score Distribution

Percentile by Number Answered

Percent of People with Each Score

Your Score History

You have not taken this quiz